| 000 | 01120nam0a22002531 4500 | ||
|---|---|---|---|
| 001 | rc\3948558 | ||
| 005 | 20260407174838.0 | ||
| 021 |
_aRU _b[55-8692] |
||
| 035 | _a(NLR Aleph) 008043033 | ||
| 090 |
_a8893534 _c8893534 |
||
| 100 | _a20130415d1955 |||y0rusy50 ca | ||
| 101 | 0 | _arus | |
| 102 | _aRU | ||
| 105 | _ay z ||||| | ||
| 200 | 1 |
_aТезисы докладов _fАкад. наук СССР. Ин-т физиологии им. И.П. Павлова. Второе совещание по физиологии с.-х. животных. 28 февр. - 4 марта 1955 г. Ленинград |
|
| 210 |
_aМосква _aЛенинград _cБ. и. _d1955 |
||
| 215 |
_a72 с. _d22 |
||
| 606 |
_aФизиология сельскохозяйственных животных _jТезисы докладов _2psbo |
||
| 710 | 1 | 2 |
_aСовещание по физиологии сельскохозяйственных животных _d2 _eЛенинград _f1955 _9724577 _3RU\NLR\AUTH\8810112435 |
| 801 | 0 |
_aRU _bNLR _gpsbo |
|
| 801 | 1 |
_aRU _bELAR _2rusmarc |
|
| 852 |
_aNLR _jЗ02 Г-6/246 |
||
| 942 | _cBOOK | ||
| 980 | _aNB | ||